| 000 | 02222nam a22002177a 4500 | ||
|---|---|---|---|
| 003 | OSt | ||
| 005 | 20260413083836.0 | ||
| 008 | 260413b |||||||| |||| 00| 0 spa d | ||
| 020 | _a9788449430633 | ||
| 082 |
_29788449430633 _a9788449430633 _b9788449430633 |
||
| 100 | _aCarlos Gispert | ||
| 245 |
_aNuevo Océano UNO _bDiccionario Enciclopédico Color |
||
| 250 | _a1ra edición | ||
| 260 |
_aBarcelona, España _bEditorial Océano _c2005 |
||
| 300 |
_a 1,792 pág _b Incluye léxico _c15 x 22.5 cm _eCD-ROM |
||
| 490 | _3 tapa dura (cartoné) | ||
| 520 | _aEl objetivo principal del Nuevo Océano UNO es ofrecer una herramienta de consulta integral que fusiona, en un solo volumen, la precisión de un diccionario de la lengua con la profundidad informativa de una enciclopedia moderna. Su diseño busca resolver dudas lingüísticas inmediatas mientras proporciona un contexto cultural, histórico y científico amplio para el usuario. En su faceta lingüística, el diccionario tiene como meta registrar el léxico actual del español, incluyendo no solo las definiciones normativas, sino también una vasta selección de americanismos, neologismos y tecnicismos. Esto permite que hablantes de diferentes regiones geográficas encuentren un lenguaje común y actualizado, adaptado a las necesidades de la comunicación contemporánea. Como obra enciclopédica, su propósito es sintetizar el conocimiento humano en áreas clave como la geografía, la historia, el arte y las ciencias. Gracias a su abundante material visual a todo color, mapas y tablas cronológicas, el libro busca facilitar el aprendizaje visual y la rápida localización de datos biográficos o eventos históricos de relevancia global. Finalmente, esta edición tiene un enfoque marcadamente pedagógico y familiar, diseñado para ser el primer punto de referencia en el hogar o la escuela. Al estructurar la información de manera clara y atractiva, busca fomentar el hábito de la investigación autónoma y proporcionar una base sólida de cultura general para estudiantes y lectores curiosos. | ||
| 650 |
_aLéxico y Filología _vCiencias Naturales y Exactas _xHumanidades y Geografía |
||
| 700 | _aCarlos Gispert | ||
| 942 |
_2ddc _cBKA _n0 |
||
| 999 |
_c2066 _d2066 |
||